000 00818cam a22002773a 4500
001 5142
003 PGUSA
005 20140828083114.0
008 040201s2004||||xxu|||||s|||||000 1 eng d
040 _aPGUSA
_beng
042 _adc
050 4 _aPS
100 1 _aMcCutcheon, George Barr,
_d1866-1928
245 1 0 _aGraustark
_h[electronic resource] /
_cGeorge Barr McCutcheon
260 _bProject Gutenberg,
_c2004
506 _aPublic domain in the USA.
516 _aElectronic text
653 _aAdventure stories
653 _aKings and rulers -- Fiction
653 _aImaginary places -- Europe, Eastern -- Fiction
653 _aGraustark (Imaginary place) -- Fiction
653 _aLove stories
830 0 _aProject Gutenberg
_v5142
856 4 0 _uhttp://www.gutenberg.org/ebooks/5142
942 _cEB
999 _c234471
_d234471